000 00563nam a2200181Ia 4500
008 090124s9999 xx 000 0 und d
082 _b13257
100 _aप्रधान रामचंद्र गणेश
245 _a विमलादेवी
250 _a0
260 _c1937
300 _a78
600 _aप्रधान रामचंद्र गणेश
630 _a विमलादेवी
700 _aप्रधान रामचंद्र गणेश
730 _a विमलादेवी
942 _cBOOK
999 _c87520
_d87520